Communist figures quiz - Statistics

General Stats
  • This quiz has been taken 117 times
  • The average score is 10 of 12
Answer Stats
Picture Answer % Correct
Fidel Castro
98%
Joseph Stalin
98%
Karl Marx
98%
Vladimir Lenin
98%
Mao Zedong
95%
Che Guevara
93%
Mikhail Gorbachev
81%
Ho Chi Minh
80%
Leon Trotsky
78%
Pol Pot
71%
Nikita Khrushchev
61%
Ernst Thalmann
19%
No matching quizzes found
Score Distribution
Percent of People with Each Score
Percentile by Number Answered
Your Score History
You have not taken this quiz